| 000 | 00597nam a22001697a 4500 | ||
|---|---|---|---|
| 999 |
_c175547 _d175547 |
||
| 005 | 20200908153940.0 | ||
| 010 | _aENG-128394 | ||
| 020 |
_c450.00 _a9789390168910 |
||
| 035 | _aEN-111926 | ||
| 037 | _bDBAD/PUB | ||
| 082 | _a510 | ||
| 245 | _aCBSE 2021 Question Bank Mathematics Standard Class 10/ | ||
| 260 |
_aNoida _bPearson _c2021 |
||
| 270 |
_a15th floor,Tower-B,Word Trade Tower,Plot no.1,Block-C sec 16, _bNoida _e201301 _k04466540100 _mcompanysecretary.india@pearson.com |
||
| 300 |
_axlii;Various pages. _c25cm(pbk) _bGeometrical Diagrams, |
||
| 942 |
_2ddc _cEN _h510 _mCBS |
||